Ireland 1798 - 1921 - Statistics

General Stats
  • This quiz has been taken 141 times
    136 since last reset
  • The average score is 7 of 25
Answer Stats
Hint Answer % Correct
Who campaigned successfully for Catholic Emancipation? Daniel O'Connell
74%
Who led the 1798 rebellion? Wolfe Tone
74%
What is "An Gorta Mor"? Famine
56%
What was the colour of O'Connells coat? Green
56%
What was the Roman name for Ireland? Hibernia
48%
Who did Joseph Plunkett marry in his cell the night before he was to be murdered? Grace Clifford
45%
Who was responsible for the Croke Park massacre? Black n' Tans
42%
Who has the nickname "Big Jim"? James Larkin
39%
Which British Prime Minister passed the First and Second Land Acts? William Gladstone
39%
What did Wolfe Tone have named after him? Band
38%
Who became the leader of the IPP after Parnell? Redmond
29%
Who said "Ulster will fight, Ulster will be right"? Randolph Churchill
27%
Which of the Easter 1916 rebels owned a baccy shop? Tom Clarke
24%
In what year was the Catholic Association founded? 1823
23%
Which GB General was responsible for the deaths of ,among others, Thomas Clarke, James Connolly, and Joseph Plunkett? Maxwell
19%
Which Dublin eccentric was brutally murdered by the British during the 1916 Easter Rising? Sheehy Skeffington
17%
What was the name of the widow whos cabbage patch became a battlefield in 1848? McCormack
14%
Who led the British at the Battle of Vinegar hill? General Lake
10%
What was Cu Chulainn's weapon of choice? Hurley stick
9%
What have I got in my pocket? The One Ring
9%
Who was murdered in Phoenix Park? Cavendish and Burke
7%
What did the Conservatives rename themselves to after 1886? Unionist Party
7%
What did the Bessborough commission recommend? 3 Fs
6%
Who signed the Ulster Covenant with his blood? Major Crawford
6%
Which world-acclaimed Irish pirate took part in the Irish rebellions of 1797-98? Edward Jordan
5%
No matching quizzes found
Score Distribution
Percent of People with Each Score
Percentile by Number Answered
Your Score History
You have not taken this quiz since the last reset